|
|
|
|
| LEADER |
00000naa2a2200000 4500 |
| 001 |
606562 |
| 005 |
20260303093301.0 |
| 035 |
|
|
|a (RuTPU)RU\TPU\conf\3941
|
| 035 |
|
|
|a RU\TPU\conf\3920
|
| 090 |
|
|
|a 606562
|
| 100 |
|
|
|a 20140603d2014 k y0rusy50 ca
|
| 101 |
0 |
|
|a rus
|
| 102 |
|
|
|a RU
|
| 135 |
|
|
|a drgn ---uucaa
|
| 181 |
|
0 |
|a i
|
| 182 |
|
0 |
|a b
|
| 200 |
1 |
|
|a Система управления шаговым двигателем на базе Arduino UNO
|f И. С. Алексеев, Д. Е. Макаров
|g науч. рук. А. Г. Каранкевич
|
| 203 |
|
|
|a Текст
|c электронный
|
| 225 |
1 |
|
|a Изобретательские проекты
|
| 300 |
|
|
|a Заглавие с титульного экрана
|
| 320 |
|
|
|a [Библиогр.: с. 179 (5 назв.)]
|
| 337 |
|
|
|a Adobe Reader
|
| 463 |
|
1 |
|0 (RuTPU)RU\TPU\conf\3591
|t Ресурсоэффективным технологиям - энергию и энтузиазм молодых
|o Сборник научных трудов V Всероссийской конференции студентов элитного технического образования, г. Томск, 25 -27 марта 2014 г.
|f Национальный исследовательский Томский политехнический университет (ТПУ)
|v [С. 176-179]
|d 2014
|
| 610 |
1 |
|
|a труды учёных ТПУ
|
| 610 |
1 |
|
|a электронный ресурс
|
| 610 |
1 |
|
|a системы управления
|
| 610 |
1 |
|
|a шаговые двигатели
|
| 610 |
1 |
|
|a Arduino UNO
|
| 610 |
1 |
|
|a электродвигатели
|
| 700 |
|
1 |
|a Алексеев
|b И. С.
|
| 701 |
|
1 |
|a Макаров
|b Д. Е.
|
| 702 |
|
1 |
|a Каранкевич
|b А. Г.
|c специалист в области автоматизированных систем управления
|c доцент Томского политехнического университета, кандидат технических наук
|f 1977-
|g Андрей Геннадьевич
|4 727
|9 13931
|
| 712 |
0 |
2 |
|a Национальный исследовательский Томский политехнический университет (ТПУ)
|b Институт кибернетики (ИК)
|b Кафедра интегрированных компьютерных систем управления (ИКСУ)
|3 (RuTPU)RU\TPU\col\18701
|
| 801 |
|
2 |
|a RU
|b 63413507
|c 20210709
|g RCR
|
| 856 |
4 |
|
|u http://earchive.tpu.ru/handle/11683/66052
|
| 856 |
4 |
|
|u http://www.lib.tpu.ru/fulltext/c/2014/C08/066.pdf
|
| 942 |
|
|
|c CF
|